| Tag |
First Indicator |
Second Indicator |
Subfields |
| LEADER |
00000cam a2200000 a 4500 |
| 001 |
in00001240521 |
| 005 |
20151003072317.0 |
| 008 |
950727s1995 ja a b 000 0 eng d |
| 035 |
|
|
|a (OCoLC)32882873
|
| 035 |
|
|
|9 AGT6257AM
|
| 040 |
|
|
|a OLA
|c OLA
|d TXA
|d UtOrBLW
|
| 043 |
|
|
|a t------
|
| 049 |
|
|
|a TXAM
|
| 090 |
|
|
|a QC879.59.A6
|b U66 1995
|
| 111 |
2 |
|
|a Nihon Nankyoku Chiiki Kansokutai.
|
| 245 |
1 |
0 |
|a Upper atmosphere physics data obtained at Syowa Station in 1992 /
|c Ichiro Yamazaki [and others].
|
| 246 |
0 |
|
|i At head of title:
|a Japanese Antarctic Research Expedition
|
| 264 |
|
1 |
|a Tokyo :
|b National Institute of Polar Research,
|c [1995]
|
| 300 |
|
|
|a 208 pages :
|b illustrations ;
|c 26 cm.
|
| 336 |
|
|
|a text
|b txt
|2 rdacontent
|
| 337 |
|
|
|a unmediated
|b n
|2 rdamedia
|
| 338 |
|
|
|a volume
|b nc
|2 rdacarrier
|
| 490 |
1 |
|
|a JARE data reports,
|x 0075-3343 ;
|v no. 205.
|a Upper atmosphere physics ;
|v 12
|
| 500 |
|
|
|a Cover title.
|
| 500 |
|
|
|a "March 1995."
|
| 504 |
|
|
|a Includes bibliographical references (pages 8-9).
|
| 650 |
|
0 |
|a Atmosphere, Upper
|z Antarctica
|x Observations.
|
| 650 |
|
0 |
|a Geomagnetism
|z Antarctica
|x Observations
|x Charts, diagrams, etc.
|
| 650 |
|
0 |
|a Cosmic noise
|z Antarctica
|x Observations
|x Charts, diagrams, etc.
|
| 700 |
1 |
|
|a Yamazaki, Ichio.
|
| 710 |
2 |
|
|a Kokuritsu Kyokuchi Kenkyūjo.
|
| 830 |
|
0 |
|a JARE data reports ;
|v no. 205.
|
| 830 |
|
0 |
|a JARE data reports.
|p Upper atmosphere physics ;
|v 12.
|
| 999 |
|
|
|a MARS
|
| 999 |
f |
f |
|s 968fc823-0f92-3b8f-a965-89190aaffcf8
|i 073f3e32-be20-3c00-b4cf-1bc24f057389
|t 0
|
| 952 |
f |
f |
|p ric
|a Texas A&M University
|b Rellis Campus
|c Joint Library Facility
|d Remote Storage
|t 0
|e QC879.59.A6 U66 1995
|h Library of Congress classification
|i unmediated -- volume
|m A14819255287
|
| 998 |
f |
f |
|a QC879.59.A6 U66 1995
|t 0
|l Remote Storage
|